000 01011nam a22003377a 4500
001 BR2016000353
003 BR-BrBNA
005 20230928104800.0
007 ta
008 230509b bl.||||| |||| 00| 0 por d
040 _aBR-BrBNA
_bpor
_cBiblioteca Nacional de Agricultura
041 _a(Por)
072 _aQ70
090 _ Q70 BR2016000353
100 1 _aPaula, L.E. de R.
110 1 _aUniversidade Federal de Lavras, MG (Brasil)
_0Tese (Doutorado)
245 1 _aEfeito da torrefação e briquetagem nas propriedades energéticas de resíduos agroindustriais
260 3 _aLavras, MG (Brasil):
_c2014.
300 _a88 p.
500 _aSummaries (Eng, Por); Bibliography p. 74-82; 27 tables; 15 illus.
650 _aRESÍDUO INDUSTRIAL
650 _aTORREFAÇÃO
650 _aBRIQUETE
650 _aBIOMASSA
650 _aENERGIA
650 _aCONTROLE TÉRMICO
650 _aPRODUÇÃO
650 _aPROPRIEDADE MECÂNICA
909 _a202309
_bLucia
_c55
_dLucia Elande
942 _cBK
999 _c81731
_d81731